Statistics for How Many Middle Eastern Countries Can You Name In 15 Seconds?

Click here to take the quiz!

General Stats

  • This quiz has been taken 1,134 times
  • The average score is 5 of 12

Answer Stats

Countries% Correct
Iraq
61%
Saudi Arabia
54%
Oman
51%
Syria
50%
Yemen
49%
Israel
48%
United Arab Emirates
42%
Jordan
41%
Qatar
41%
Lebanon
39%
Kuwait
34%
Bahrain
31%

Score Distribution

Percentile by Number Answered

Percent of People with Each Score

Your Score History

You have not taken this quiz